Programa modelo naciones unidas 2002 [cd-rom] /
Guardado en:
| Autor Principal: | |
|---|---|
| Formato: | Libro |
| Publicado: |
Buenos Aires :
Conciencia / Universidad de Belgrano
|
| Materias: | |
| Etiquetas: |
Agregar Etiqueta
Sin Etiquetas, Sea el primero en etiquetar este registro!
|
| LEADER | 00502nam a22001455a 4500 | ||
|---|---|---|---|
| 001 | CEM.cems010980 | ||
| 008 | 130507b200?##################000#0#####d | ||
| 005 | 20241216124449.0 | ||
| 245 | 1 | 0 | |a Programa modelo naciones unidas 2002 [cd-rom] / |
| 260 | |a Buenos Aires : |b Conciencia / Universidad de Belgrano | ||
| 300 | |a 1 CD-ROM | ||
| 100 | 1 | |a Universidad de Belgrano. Conciencia Asociacion Civil | |
| 082 | 0 | 4 | |a CD320 |
| 653 | |a Naciones unidas | ||
| 859 | |a CEMS |b BIB. CEMS - 11 de abril |h CD320 |i C595 |p 1954.44 |t Ej.2 |v 2002 |3 2002 | ||
